000 00550nam a22001817a 4500
003 0
005 20231206125911.0
008 231206b xxu||||| |||| 00| 0 eng d
020 _a978-971-0495-63-4
050 _aFIC
_bSim592 2008
082 _aFIC
_bSim592 2008
100 _aSimmons, Andrew
245 _aTomo 1 : I was an eight-grade ninja
_cAndrew Simmons
260 _aMandaluyong City
_bOMF Literature Inc.
_cc2008.
300 _aunnumbered pages :
_bblack and white illustrations ;
_c19cm.
650 _aGraphic novels.
942 _2ddc
_cBK
999 _c365721
_d365721